00732nam a22002057a 45000050016000000100029000160200026000450350027000710370028000980820010001261000023001362450119001592600031002782700065003093000034003744900062004085000050004707000003005207100003005232011062904274.0 aENG-102899 B-452954-958 c695.00a9780415612531 aEN-86432 B-452954-958 bDBAD / PUBaK.K.Pub/Ven a954.5 aMisra, Sanghamitra aBecoming a borderland :cby Sanghamitra Misrabthe politics of space and identity in colonial Northeastern India / aNew DelhibRoutledgec2011 a912-915 Tolstoy House, 15-17 Tolstoy MargbNew Delhie110001 axiv,236 p. :c23cm (Hb) bmap aTransition in Northeastern India ; edited by Sumi Krishna aIncludes bibliographical references and index